LEADER 01205nam a2200289 i 4500 001 000000053408 003 CaOOAMICUS 005 20061204000000.0 008 061204s1966 it u000 u ita u 013 $a24580 040 $aSeMil$bita 100 1 $aFriedenthal, Richard <1896->.$0(OLS)http://semarc/name/26381 245 10$aGoethe :$bla vita e i tempi /$cRichard Friedenthal. 260 $aMilano :$bU. Mursia & C.,$ccopyr. 1966. 300 $a546 p., [1] c. di ritratto, [16] p. di tav. ;$c22 cm. 490 0 $aSirio. Biografie e ritratti ;$v14 500 $aFondo Ciprandi. 600 14$aGoethe, Johann Wolfgang : von <1749-1832>.$0(OLS)http://semarc/subject/2194 650 4$aLetteratura tedesca.$0(OLS)http://semarc/subject/128 650 4$aBiografie.$0(OLS)http://semarc/subject/2953 830 0$aSirio. Biografie e ritratti ;$v14.$0(OLS)http://semarc/title/20823 850 $aSeMil 852 $aSeMil$W1$xVenegono$y1$m1W V 95$j19562$B19562$CSeMilBibl$Z2$F19564 $81 941 1 $a1 961 $aOmaggio: Ciprandi dott. Paolo 996 $6245$aGoethe :$bla vita e i tempi$9(OLS)http://semarc/title/82274 996 $6260$aMilano :$bU. Mursia & C.$9(OLS)http://semarc/publisher/31860 LEADER 01148nam a2200241 i 4500 001 000000065093 003 CaOOAMICUS 005 20190830153750.0 008 130509s1966 xx u000 u fre u 013 $a36265 040 $aSeMil$bita 100 1 $aKasser, Rodolphe.$0(OLS)http://semarc/name/9953 245 12$aL'Évangile selon Saint Jean et les versions coptes de la Bible /$cRodolphe Kasser. 260 $aNeuchatel (Suisse) :$bDelachaux et Niestlé,$ccopyr. 1966. 300 $a318 p. ;$c23 cm. 490 0 $aBibliothèque théologique [Delachaux & Niestlé] 650 4$aBibbia. Nuovo Testamento. Vangelo secondo Giovanni - Commentari, studi, critica, interpretazioni.$0(OLS)http://semarc/subject/119 830 0$aBibliothèque théologique.$0(OLS)http://semarc/title/425569 850 $aSeMil 852 $aSeMil$W1$xVenegono$y1$m2K VII 132$j210594$B31246$CSeMilBibl$Z2$F31249 $81 996 $6245$aL'Évangile selon Saint Jean et les versions coptes de la Bible$9(OLS)http://semarc/title/103264 996 $6260$aNeuchatel (Suisse) :$bDelachaux et Niestlé$9(OLS)http://semarc/publisher/30796